| 000 | 00721nam a2200217Ia 4500 | ||
|---|---|---|---|
| 003 | GCL | ||
| 008 | 140319s9999 xx 000 0 ara d | ||
| 040 |
_aGCL / _cGCL |
||
| 082 | 0 | 4 |
_a243 _bم ن |
| 100 | 1 | _aمنصور عبدالحكيم | |
| 245 | 1 | 0 |
_aنهاية العالم واشراط الساعة / _cمنصور عبدالحكيم |
| 260 |
_aالقاهرة : _bدار الكتاب العربى ، _c2004 |
||
| 300 |
_a262ص ؛ _c25 سم |
||
| 490 |
_aاحداث اخر الزمان _v0 |
||
| 650 | 0 | 4 | _aالمهدى المنتظر |
| 650 | 0 | 4 | _aالمسيح الدجال |
| 650 | 0 | 4 | _aالقيامة، يوم |
| 650 | 0 | 4 | _aعلامات الساعة |
| 650 | 0 | 4 | _aياجوج وماجوج |
| 942 |
_2ddc _cBK |
||
| 999 |
_c51115 _d51115 |
||